Every AFL Premiership Squad Since 2010 - Statistics

General Stats
  • This quiz has been taken 26 times
    4 since last reset
  • The average score is 192 of 357
Answer Stats
Hint Answer % Correct
Richmond 2017 Back Alex Rance
100%
Hawthorn 2013 Half-Forward | Hawthorn 2014 Half-Forward | Hawthorn 2015 Half-Forward Cyril Rioli
100%
Richmond 2017 Forward | Richmond 2019 Half-Forward | Richmond 2020 Interchange Daniel Rioli
100%
Richmond 2017 Half-Forward | Richmond 2019 Follower | Richmond 2020 Half-Forward Dustin Martin
100%
Richmond 2017 Interchange | Richmond 2020 Interchange Jack Graham
100%
Richmond 2017 Follower | Richmond 2019 Follower | Richmond 2020 Follower Toby Nankervis
100%
Richmond 2019 Forward | Richmond 2020 Forward Tom Lynch
100%
West Coast 2018 Forward Willie Rioli
100%
Sydney 2012 Forward Adam Goodes
75%
Sydney 2012 Half-Back Alex Johnson
75%
Richmond 2017 Half-Back | Richmond 2019 Half-Back | Richmond 2020 Half-Back Bachar Houli
75%
Collingwood 2010 Centre Ben Johnson
75%
Hawthorn 2014 Forward | Hawthorn 2015 Interchange Ben McEvoy
75%
Collingwood 2023 Half-Forward Bobby Hill
75%
Hawthorn 2013 Half-Back | Hawthorn 2014 Interchange | Hawthorn 2015 Centre Bradley Hill
75%
Hawthorn 2013 Back | Hawthorn 2014 Back | Hawthorn 2015 Back Brian Lake
75%
Geelong 2022 Follower Cameron Guthrie
75%
Brisbane 2024 Forward | Brisbane 2025 Half-Forward Charlie Cameron
75%
Melbourne 2021 Centre Christian Petracca
75%
Western Bulldogs 2016 Forward Clay Smith
75%
Melbourne 2021 Follower Clayton Oliver
75%
Geelong 2011 Half-Back Corey Enright
75%
Western Bulldogs 2016 Half-Back Dale Morris
75%
Richmond 2017 Forward Dan Butler
75%
Collingwood 2023 Interchange Darcy Cameron
75%
Brisbane 2024 Follower | Brisbane 2025 Follower Darcy Fort
75%
Collingwood 2023 Back Darcy Moore
75%
Brisbane 2024 Back | Brisbane 2025 Back Dayne Zorko
75%
Richmond 2017 Follower | Richmond 2019 Centre | Richmond 2020 Centre Dion Prestia
75%
Richmond 2017 Back | Richmond 2019 Back | Richmond 2020 Back Dylan Grimes
75%
Geelong 2022 Interchange Gryan Miers
75%
Brisbane 2024 Back | Brisbane 2025 Half-Back Harris Andrews
75%
Collingwood 2010 Half-Back Harry O'Brien
75%
Geelong 2022 Half-Forward | Hawthorn 2013 Centre | Hawthorn 2014 Centre | Hawthorn 2015 Centre Isaac Smith
75%
Western Bulldogs 2016 Interchange Jack Macrae
75%
Richmond 2017 Forward | Richmond 2019 Forward | Richmond 2020 Forward Jack Riewoldt
75%
Western Bulldogs 2016 Half-Forward Jake Stringer
75%
Hawthorn 2015 Back James Frawley
75%
Geelong 2011 Forward James Podsiadly
75%
Hawthorn 2013 Forward | Hawthorn 2014 Forward | Hawthorn 2015 Forward Jarryd Roughead
75%
Richmond 2019 Half-Back | Richmond 2020 Interchange Jayden Short
75%
Geelong 2022 Half-Forward Jeremy Cameron
75%
West Coast 2018 Half-Back Jeremy McGovern
75%
Geelong 2011 Centre | Geelong 2022 Interchange Joel Selwood
75%
Hawthorn 2013 Centre | Hawthorn 2014 Centre | Hawthorn 2015 Follower Jordan Lewis
75%
Western Bulldogs 2016 Follower Jordan Roughead
75%
Collingwood 2023 Forward Josh Daicos
75%
West Coast 2018 Forward Josh J. Kennedy
75%
Sydney 2012 Follower Josh P. Kennedy
75%
Richmond 2017 Centre | Richmond 2020 Centre Kamdyn McIntosh
75%
Sydney 2012 Centre Kieran Jack
75%
Melbourne 2021 Half-Forward Kysaiah Pickett
75%
Brisbane 2024 Follower | Brisbane 2025 Sub Lachie Neale
75%
Hawthorn 2013 Half-Forward Lance Franklin
75%
Brisbane 2025 Interchange Levi Ashcroft
75%
Sydney 2012 Centre | West Coast 2018 Half-Back Lewis Jetta
75%
West Coast 2018 Half-Forward Liam Ryan
75%
Brisbane 2024 Interchange | Brisbane 2025 Forward Logan Morris
75%
Hawthorn 2013 Follower | Hawthorn 2014 Half-Back | Hawthorn 2015 Follower Luke Hodge
75%
Western Bulldogs 2016 Centre Marcus Bontempelli
75%
Richmond 2019 Interchange | Richmond 2020 Centre Marlion Pickett
75%
Hawthorn 2013 Follower Max Bailey
75%
Melbourne 2021 Follower Max Gawn
75%
Geelong 2011 Interchange | Geelong 2022 Centre Mitch Duncan
75%
Richmond 2017 Back | Richmond 2019 Back | Richmond 2020 Back Nathan Broad
75%
Sydney 2012 Half-Back Nicholas Smith
75%
Collingwood 2023 Follower Nick Daicos
75%
Sydney 2012 Interchange Nick Malceski
75%
Collingwood 2010 Back Nick Maxwell
75%
Richmond 2017 Half-Back | Richmond 2019 Half-Back | Richmond 2020 Half-Back Nick Vlastuin
75%
Geelong 2022 Follower Patrick Dangerfield
75%
Hawthorn 2013 Forward | Hawthorn 2014 Forward | Hawthorn 2015 Half-Forward Paul Puopolo
75%
Sydney 2012 Half-Forward Ryan O'Keefe
75%
Hawthorn 2013 Centre | Hawthorn 2014 Centre | Hawthorn 2015 Centre Sam Mitchell
75%
Collingwood 2010 Follower | Collingwood 2023 Centre Scott Pendlebury
75%
Richmond 2017 Interchange | Richmond 2019 Follower | Richmond 2020 Follower Shane Edwards
75%
Hawthorn 2013 Half-Back | Hawthorn 2014 Follower | Hawthorn 2015 Half-Back Shaun Burgoyne
75%
Richmond 2017 Follower Shaun Grigg
75%
Geelong 2011 Half-Forward Steve Johnson
75%
Geelong 2022 Interchange Tom Atkins
75%
West Coast 2018 Back Tom Barrass
75%
Geelong 2011 Half-Forward | Geelong 2022 Forward Tom Hawkins
75%
Melbourne 2021 Half-Forward Tom McDonald
75%
Collingwood 2023 Interchange Tom Mitchell
75%
Western Bulldogs 2016 Forward Tory Dickson
75%
Collingwood 2010 Half-Forward Travis Cloke
75%
Richmond 2017 Centre | Richmond 2019 Half-Forward | Richmond 2020 Follower Trent Cotchin
75%
Brisbane 2024 Centre | Brisbane 2025 Follower Will Ashcroft
75%
Hawthorn 2014 Interchange Will Langford
75%
Brisbane 2024 Interchange | Brisbane 2025 Centre Zac Bailey
75%
Geelong 2022 Interchange Zach Guthrie
75%
Collingwood 2010 Half-Forward Alan Didak
50%
Collingwood 2010 Back Alan Toovey
50%
Geelong 2011 Centre Andrew Mackie
50%
Collingwood 2023 Forward Beau McCreery
50%
Melbourne 2021 Forward Ben Brown
50%
Collingwood 2010 Half-Back Ben Reid
50%
Hawthorn 2013 Back | Hawthorn 2014 Half-Back | Hawthorn 2015 Back Ben Stratton
50%
Collingwood 2023 Half-Back Billy Frampton
50%
Geelong 2022 Half-Forward Brad Close
50%
Hawthorn 2013 Follower Brad Sewell
50%
Richmond 2017 Interchange | Richmond 2019 Centre Brandon Ellis
50%
Hawthorn 2013 Interchange Brent Guerra
50%
Collingwood 2023 Half-Forward Brody Mihocek
50%
Brisbane 2024 Half-Forward | Brisbane 2025 Forward Cam Rayner
50%
Collingwood 2010 Forward Chris Dawes
50%
Melbourne 2021 Half-Back Christian Salem
50%
Collingwood 2010 Centre Dane Swan
50%
Sydney 2012 Interchange Dan Hannebery
50%
Richmond 2017 Half-Back | Richmond 2019 Back | Richmond 2020 Interchange David Astbury
50%
Hawthorn 2013 Interchange | Hawthorn 2014 Follower | Hawthorn 2015 Follower David Hale
50%
West Coast 2018 Interchange Dom Sheed
50%
Western Bulldogs 2016 Half-Back Easton Wood
50%
Melbourne 2021 Centre Ed Langdon
50%
West Coast 2018 Centre Elliott Yeo
50%
Western Bulldogs 2016 Half-Back Fletcher Roberts
50%
Hawthorn 2013 Back | Hawthorn 2014 Back | Hawthorn 2015 Half-Back Grant Birchall
50%
Geelong 2011 Half-Back Harry Taylor
50%
Sydney 2012 Half-Back Heath Grundy
50%
Collingwood 2010 Half-Back Heath Shaw
50%
Brisbane 2024 Centre | Brisbane 2025 Centre Hugh McCluggage
50%
Richmond 2019 Interchange Ivan Soldo
50%
West Coast 2018 Half-Forward Jack Darling
50%
Hawthorn 2013 Forward | Hawthorn 2014 Half-Forward | Hawthorn 2015 Forward Jack Gunston
50%
Melbourne 2021 Follower Jack Viney
50%
Richmond 2017 Centre Jacob Townsend
50%
Melbourne 2021 Half-Back Jake Bowey
50%
Geelong 2022 Back Jake Kolodjashnij
50%
Melbourne 2021 Back Jake Lever
50%
Collingwood 2023 Half-Forward Jamie Elliott
50%
Sydney 2012 Centre Jarrad McVeigh
50%
Richmond 2017 Interchange | Richmond 2019 Forward | Richmond 2020 Half-Forward Jason Castagna
50%
Western Bulldogs 2016 Back Jason Johannisen
50%
Collingwood 2023 Back Jeremy Howe
50%
Geelong 2011 Centre Jimmy Bartel
50%
Brisbane 2024 Half-Forward Joe Daniher
50%
Geelong 2011 Follower Joel Corey
50%
Hawthorn 2013 Sub Jonathan Simpkin
50%
Collingwood 2023 Forward Jordan De Goey
50%
Richmond 2017 Half-Forward | Richmond 2019 Centre Josh Caddy
50%
Brisbane 2024 Follower | Brisbane 2025 Follower | Western Bulldogs 2016 Half-Forward Josh Dunkley
50%
Hawthorn 2013 Half-Back | Hawthorn 2014 Back | Hawthorn 2015 Half-Back Josh Gibson
50%
Sydney 2012 Follower Jude Bolton
50%
Richmond 2017 Half-Forward | Richmond 2019 Half-Forward | Richmond 2020 Half-Forward Kane Lambert
50%
Collingwood 2010 Interchange Leigh Brown
50%
Richmond 2019 Interchange | Richmond 2020 Half-Back Liam Baker
50%
Western Bulldogs 2016 Centre Liam Picken
50%
Hawthorn 2013 Interchange | Hawthorn 2014 Follower | Hawthorn 2015 Interchange Liam Shiels
50%
Collingwood 2010 Half-Forward Luke Ball
50%
Hawthorn 2013 Half-Forward | Hawthorn 2014 Half-Forward | Hawthorn 2015 Forward Luke Breust
50%
Sydney 2012 Sub Luke Parker
50%
West Coast 2018 Follower Luke Shuey
50%
West Coast 2018 Half-Forward Mark LeCras
50%
Collingwood 2023 Follower Mason Cox
50%
Western Bulldogs 2016 Back Matthew Boyd
50%
Geelong 2011 Back Matthew Scarlett
50%
Geelong 2011 Interchange Matthew Stokes
50%
Hawthorn 2014 Interchange | Hawthorn 2015 Sub Matthew Suckling
50%
Collingwood 2010 Back Nathan Brown
50%
Brisbane 2025 Interchange Oscar McInerney
50%
Geelong 2011 Forward Paul Chapman
50%
Sydney 2012 Back Rhyce Shaw
50%
Sydney 2012 Half-Forward Sam Reid
50%
Richmond 2019 Interchange | Richmond 2020 Forward Shai Bolton
50%
Sydney 2012 Follower Shane Mumford
50%
Collingwood 2010 Forward | Collingwood 2023 Centre Steele Sidebottom
50%
Melbourne 2021 Back Steven May
50%
Hawthorn 2014 Sub | Hawthorn 2015 Interchange Taylor Duryea
50%
Western Bulldogs 2016 Forward Tom Boyd
50%
Melbourne 2021 Interchange Tom Sparrow
50%
Geelong 2022 Half-Back Tom Stewart
50%
Geelong 2011 Half-Forward Travis Varcoe
50%
Melbourne 2021 Interchange Trent Rivers
50%
Collingwood 2010 Interchange Tyson Goldsack
50%
Geelong 2022 Forward Tyson Stengle
50%
Collingwood 2023 Interchange Will Hoskin-Elliott
50%
West Coast 2018 Back Will Schofield
50%
Melbourne 2021 Forward Alex Neal-Bullen
25%
Geelong 2011 Interchange Allen Christensen
25%
Melbourne 2021 Forward Bailey Fritsch
25%
Geelong 2011 Follower Brad Ottens
25%
Geelong 2022 Sub Brandon Parfitt
25%
Brisbane 2024 Half-Back | Brisbane 2025 Half-Back Brandon Starcevich
25%
Collingwood 2023 Half-Back Brayden Maynard
25%
Western Bulldogs 2016 Interchange Caleb Daniel
25%
Brisbane 2024 Forward | Brisbane 2025 Half-Forward Callum Ah Chee
25%
Geelong 2011 Follower Cameron Ling
25%
Collingwood 2010 Follower Dale Thomas
25%
West Coast 2018 Interchange Daniel Venables
25%
Brisbane 2025 Back Darcy Gardiner
25%
Brisbane 2024 Interchange | Brisbane 2025 Interchange Darcy Wilmot
25%
Collingwood 2010 Follower Darren Jolly
25%
Geelong 2011 Half-Back David Wojcinski
25%
Brisbane 2024 Forward Eric Hipwood
25%
Collingwood 2023 Follower Jack Crisp
25%
Collingwood 2023 Interchange Jack Ginnivan
25%
Geelong 2022 Back Jack Henry
25%
Brisbane 2024 Half-Back Jack Payne
25%
Geelong 2011 Interchange James Kelly
25%
West Coast 2018 Forward Jamie Cripps
25%
Collingwood 2010 Interchange Jarryd Blair
25%
Brisbane 2024 Centre | Brisbane 2025 Half-Back Jaspa Fletcher
25%
Geelong 2022 Half-Back Jed Bews
25%
Geelong 2011 Back Josh Hunt
25%
Brisbane 2024 Interchange | Brisbane 2025 Forward Kai Lohmann
25%
Western Bulldogs 2016 Centre Lachie Hunter
25%
Melbourne 2021 Interchange Luke Jackson
25%
Geelong 2022 Centre Mark Blicavs
25%
Hawthorn 2014 Half-Back Matt Spangher
25%
Sydney 2012 Forward Mike Pyke
25%
Sydney 2012 Interchange Mitch Morton
25%
Collingwood 2023 Back Nathan Murphy
25%
West Coast 2018 Interchange Nathan Vardy
25%
Brisbane 2024 Back Noah Answerth
25%
Richmond 2020 Back Noah Balta
25%
Collingwood 2023 Centre Oleg Markov
25%
Geelong 2022 Follower Rhys Stanley
25%
Hawthorn 2015 Half-Forward Ryan Schoenmakers
25%
West Coast 2018 Follower Scott Lycett
25%
Western Bulldogs 2016 Interchange Shane Biggs
25%
West Coast 2018 Back Shannon Hurn
25%
Sydney 2012 Back Ted Richards
25%
West Coast 2018 Interchange Thomas Cole
25%
Western Bulldogs 2016 Interchange Toby McLean
25%
Western Bulldogs 2016 Follower Tom Liberatore
25%
Geelong 2011 Back Tom Lonergan
25%
Brisbane 2025 Half-Forward Ty Gallop
25%
Western Bulldogs 2016 Half-Forward Zaine Cordy
25%
Melbourne 2021 Centre Angus Brayshaw
0%
Collingwood 2010 Interchange Brent Macaffer
0%
Brisbane 2025 Interchange Bruce Reville
0%
Melbourne 2021 Interchange Charlie Spargo
0%
West Coast 2018 Centre Chris Masten
0%
Brisbane 2024 Sub Conor McKenna
0%
Sydney 2012 Half-Forward Craig Bird
0%
Collingwood 2010 Forward Dayne Beams
0%
Geelong 2022 Forward Gary Rohan
0%
Melbourne 2021 Half-Back Harrison Petty
0%
Collingwood 2023 Half-Back Isaac Quayner
0%
West Coast 2018 Centre Jack Redden
0%
Melbourne 2021 Half-Forward James Harmes
0%
Melbourne 2021 Sub James Jordon
0%
Brisbane 2024 Half-Forward Jarrod Berry
0%
Western Bulldogs 2016 Back Joel Hamling
0%
Sydney 2012 Forward Lewis Roberts-Thomson
0%
West Coast 2018 Half-Back Liam Duggan
0%
Western Bulldogs 2016 Follower Luke Dahlhaus
0%
West Coast 2018 Follower Mark Hutchings
0%
Geelong 2022 Centre Mark O'Connor
0%
Sydney 2012 Back Martin Mattner
0%
Melbourne 2021 Back Michael Hibberd
0%
Collingwood 2023 Sub Patrick Lipinski
0%
Brisbane 2024 Half-Back | Brisbane 2025 Back Ryan Lester
0%
Geelong 2022 Back Sam De Koning
0%
Brisbane 2025 Centre Sam Marshall
0%
Collingwood 2010 Centre Sharrod Wellingham
0%
Geelong 2011 Forward Trent West
0%
Geelong 2022 Half-Back Zach Tuohy
0%
No matching quizzes found
Score Distribution
Percent of People with Each Score
Percentile by Number Answered
Your Score History
You have not taken this quiz since the last reset